España, mi estrella grande (Record no. 138454)

MARC details
000 -LEADER
campo de control de longitud fija 00670nam a2200193 4500
001 - NÚMERO DE CONTROL
campo de control 138454
003 - IDENTIFICADOR DE NÚMERO DE CONTROL
campo de control ES-MaACL
005 - FECHA Y HORA DE LA ÚLTIMA TRANSACCIÓN
campo de control 20250416063103.0
007 - CAMPO FIJO DE DESCRIPCIÓN FÍSICA--INFORMACIÓN GENERAL
campo de control de longitud fija t|
008 - DATOS DE LONGITUD FIJA--INFORMACIÓN GENERAL
campo de control de longitud fija 070214s1973 sp r ||||1| spa d
100 1# - ENTRADA PRINCIPAL--NOMBRE DE PERSONA
Nombre de persona San Ildefonso, Mariano,
Fechas asociadas al nombre 1904-1981
9 (RLIN) 102237
245 10 - MENCIÓN DEL TÍTULO
Título España, mi estrella grande
Resto del título : poesías /
Mención de responsabilidad, etc. por Mariano San Ildefonso.
260 ## - PUBLICACIÓN, DISTRIBUCIÓN, ETC.
Lugar de publicación, distribución, etc. Madrid :
Nombre del editor, distribuidor, etc. Agrupación Nacional Sindical de Escritores Españoles,
Fecha de publicación, distribución, etc. 1973.
300 ## - DESCRIPCIÓN FÍSICA
Extensión 100 p. ;
Dimensiones 20 cm.
710 2# - ENTRADA AGREGADA--NOMBRE DE ENTIDAD CORPORATIVA
Nombre de entidad corporativa o nombre de jurisdicción como elemento de entrada Agrupación Nacional Sindical de Escritores Españoles.
9 (RLIN) 1297
852 ## - LOCALIZACIÓN
Ubicación ES-MaACL
Número de control de estantería C-55669
Sublocalización o colección R.88346
852 ## - LOCALIZACIÓN
Ubicación ES-MaACL
Número de control de estantería E-5532
Sublocalización o colección R.89838
Holdings
Estatus retirado Estado de pérdida Estado de daño No para préstamo Biblioteca de origen Biblioteca actual Ubicación en estantería Fecha de adquisición Fuente de adquisición Total de préstamos Signatura topográfica completa Código de barras Visto por última vez Precio de reemplazo Tipo de ítem Koha
        Biblioteca del Ateneo de Madrid Biblioteca del Ateneo de Madrid Depósito 2 17/01/2008     E-5532 1144070 23/02/2023 23/02/2023 Libro impreso
        Biblioteca del Ateneo de Madrid Biblioteca del Ateneo de Madrid Depósito 2 17/01/2008     C-55669 1144069 23/02/2023 23/02/2023 Libro impreso